[Event "70. Corus Chess 2008 GM-B"]
[Site "Wijk aan Zee NED"]
[Date "2008.01.19"]
[Round "7.6"]
[White "Koneru, Humpy"]
[Black "Krasenkow, Michal"]
[Result "1-0"]
[WhiteElo "2612"]
[BlackElo "2636"]
[PlyCount "187"]
[EventDate "2008.01.12"]
[EventType "tourn"]
[EventRounds "13"]
[EventCountry "NED"]
[EventCategory "15"]
[Source "lmi"]
[SourceDate "2008.01.12"]

1. d4 d6 2. Nf3 Nf6 3. g3 c6 4. Bg2 Bf5 5. O-O Nbd7 6. c4 e5 7. Nc3 Be7 8. Nh4
Bg6 9. d5 Rc8 10. dxc6 bxc6 11. b4 Nb6 12. Qb3 d5 13. c5 Nbd7 14. Nxg6 hxg6 15.
e4 d4 16. Na4 Rb8 17. Qc4 a5 18. a3 axb4 19. axb4 Ra8 20. Bd2 Qb8 21. Qc2 Ra7
22. Nb2 Qa8 23. Rxa7 Qxa7 24. Nc4 O-O 25. Na5 Qa6 26. Ra1 Ra8 27. Bf1 Qc8 28.
f3 Nb8 29. Ra4 Bd8 30. Qa2 Ne8 31. Bc4 Qd7 32. Kg2 Ra7 33. Nb3 Rb7 34. Na5 Ra7
35. Bb3 Bxa5 36. Rxa5 Rb7 37. Bc4 Nc7 38. Ra7 Nb5 39. Rxb7 Qxb7 40. Qa5 Qc7 41.
Qxc7 Nxc7 42. f4 Nd7 43. Kf3 Kf8 44. Ke2 Ke7 45. Kd3 f6 46. h4 Nb5 47. f5 Nf8
48. g4 Ke8 49. Bb3 Nc7 50. Ba4 Nb5 51. Be1 Kd7 52. Bd1 Ke7 53. Bd2 Ke8 54. g5
fxg5 55. hxg5 Ke7 56. Bg4 Nh7 57. Bh3 Ke8 58. Kc4 Na3+ 59. Kd3 Nb5 60. Bg2 Ke7
61. Bf3 Ke8 62. fxg6 Nf8 63. Be1 Ke7 64. Bh5 Ne6 65. Bg3 Nf4+ 66. Bxf4 exf4 67.
Bg4 Kd8 68. Bf3 Kd7 69. e5 Nc7 70. Kxd4 Na6 71. Kc4 Nb8 72. Bg4+ Ke7 73. Kc3
Na6 74. Be2 Nc7 75. Kd4 Ne6+ 76. Ke4 Nxg5+ 77. Kxf4 Ne6+ 78. Ke3 Nc7 79. Kd4
Kd7 80. Bg4+ Ke7 81. Bf3 Kd7 82. Kc4 Ne8 83. e6+ Kc7 84. Kd4 Nf6 85. Ke5 Ng8
86. Be4 Ne7 87. Bb1 Ng8 88. Bc2 Nf6 89. e7 Kd7 90. Ba4 Ne8 91. b5 Nc7 92. b6
Na6 93. Bxc6+ Kxe7 94. Ke4 1-0